000 01152nam a22002537a 4500
005 20170124102947.0
010 _aA-541024
020 _c50.00
035 _aA-541024
037 _bCen Lib/Ret
040 _aDPL
_bHN
082 _a821.08
_bमिश्ररा
100 _aमिश्र, रामप्रसाद
_950362
245 _aद्विवेदी युग और उसके महाकवि /
_cरामप्रसाद मिश्र
246 _aDwivedi yug aur uske mahakavi /
_bRamparasad Mishra
260 _aनई दिल्ली
_bभारतीय ग्रन्थ निकेतन
_c1991
270 _a2713, कूचा चेलन, दरियागंज
_bनई दिल्ली
_e110002
300 _a157पृ.
_c19सेमी(सजिल्द)
650 _aहिंदी साहित्य
_950363
650 _aहिंदी साहित्य -- कविता -- महाकवि
_950364
650 _aHindi literature
_950365
650 _aHindi literature -- Poetry -- poets
_950366
942 _2ddc
_cHN
_h821.08
_mमिश्ररा
999 _c113048
_d113048